Statistics for Animals that Start with N

Click here to take the quiz!

General Stats

  • This quiz has been taken 20,073 times
    (13,309 since last reset)
  • The average score is 7 of 15

Answer Stats

ClueAnimal% Correct
Marine mammal with unicorn-like tusksNarwhal
90%
Amphibian whose eye is needed for the witches' brewNewt
85%
Famous songbird. Surname of nurse FlorenceNightingale
80%
Mankind's closest relative - now extinctNeanderthal
76%
Large, shaggy dog breed named for a Canadian provinceNewfoundland
64%
Louse egg that can be "picked" by apes or pedantic quiz takersNit
57%
Type of slow-moving, bottom-dwelling shark{Nurse} Shark
41%
Blind, hairless, subterranean rodent that is resistant to cancerNaked Mole Rat
35%
Type of large earthworm that comes out at nightNightcrawler
32%
Shelled relative of the octopus that moves with "jet propulsion"Nautilus
31%
Despite it's name it's not a toad - it's a roundwormNematode
23%
Skinny fish with sharp teeth that swims near the surface of the ocean{Needle}fish
18%
Hawaiian gooseNene
17%
South American river rat and invasive speciesNutria
17%
"Naked" sea slug that often has extraordinary, striking colorationNudibranch
10%

Score Distribution

Percentile by Number Answered

Percent of People with Each Score

Your Score History

You have not taken this quiz since the last reset